000 01714nam a22003137a 4500
003 DO-SdBNP
005 20240412074308.0
007 ta
008 210514b 2019 dr ap 00| 0 eng d
020 _a9789945169751
040 _aDO-SdBNP
_bspa
_cBNPHU
082 4 _aRD861.5
_bB533a
_222
100 1 _aBerrido, Ofelia
_924626
245 1 0 _aAnacaona :
_bpoesía /
_cOfelia Berrido ; prólogo José Enrique Delmonte ; cuidado de la edición José Enrique García.
260 _aSanto Domingo :
_bMinisterio de Medio Ambiente y Recursos Naturales,
_c2019.
300 _a257 p. :
_bil., retrs. ;
_c24 cm.
490 1 _aInterior bodega ;
_v10
500 _aIncluye datos biográficos de la autora en la página 257
505 0 _aPrefacio /
_rMaría Teresa Ruiz de Catrain --
_tPrólogo /
_rJosé Enrique Delmonte --
_tSobre el relato visual /
_rMayra Johnson --
_tFragmentos /
_rJuan de los Santos --
_tFragmentos /
_rAlejandra Olivier --
_tFragmentos /
_rJiny Elena Ramos --
_tFragmentos /
_rCarmen Inés Bencosme --
_tFragmentos /
_rParmelia Matos --
_tFragmentos /
_rDennise Morales Pou --
_tFragmentos /
_rPedro Genaro Rodríguez --
_tFragmentos /
_r Parmelia Matos --
_tAnacaona [poesía completa] --
_tEpílogo --
_rPura Emeterio Rondón (EPD)
_tBiografías de los fotógrafos --
_tSobre la autora.
590 _aInventariado, 2021 /LP
590 _aLa biblioteca posee 1 ejemplar autografiado por la autora.
650 4 _966
_aPoesía dominicana
650 0 _aLiteratura dominicana.
_967
700 1 _aDelmonte, José Enrique,
_epról.
_978588
700 1 _aGarcía, José Enrique,
_d1948-
_eed.
_922487
830 0 _aInterior bodega
_n10
_978589
910 _aLoPérez.Validado. Control de calidad. MAA
942 _2ddc
_cLBS1
999 _c49813
_d49813